01021nam a22002657a 4500999001500000001000600015003000900021005001700030008004100047020002500088020002200113040002800135082002200163245012200185260004900307300004700356490003200403504006600435650003300501650004800534700002100582700002100603942001200624952011900636 c3948d394817944BD-DhUAP20200315160626.0200315r2007 enka b 001 0 eng d a9780194422543 (pbk.) a0194422542 (pbk.) aUKMcUKMdBD-DhUAPbEng00223a418.0071 LAN 00aLanguage learner strategies :bthirty years of research and practice /cedited by Andrew D. Cohen and Ernesto Macaro. aNew York :bOxford University Press,cc2007. aviii, 336 pages :billustrations ;c24 cm. 0aOxford applied linguistics. aIncludes bibliographical references (p. [289]-329) and index. 0aSecond language acquisition. 0aLanguage and languagesxStudy and teaching.1 aCohen, Andrew D.1 aMacaro, Ernesto. 2ddccBK 00102ddc4070aUAPCLbUAPCLcGeneral Stacksd2020-03-15o418.0071 LANp3010017944r2020-03-15t1w2020-03-15yBK